000 00534nam a2200193Ia 4500
003 OSt
005 20250307152551.0
008 210210b1971 xxu||||| |||| 00| 0 eng d
040 _cAL
041 _aKannada
082 _aK894.3 SARM
100 _aSAROJARAV (K).
_9135706
_dಸರೋಜಾರಾವ್ (ಕೆ).
245 _aMatu kottavalu.
_bಮಾತು ಕೊಟ್ಟವಳು
260 _aBengaluru
_bVasavamba Prakashana
_c1971
300 _a174
690 _aKannada Fiction
_9135707
906 _a028648
942 _2ddc
_cBK
999 _c79887
_d79887